Driving strategy to execution using lean six sigma : a framework for creating high performance organizations.

Bibliographic Details
Main Author: Plenert
Other Authors: Cluley,
Format: Book
Published: Boca Raton: CRC Press, 2012.
Series:Series on resource management
Subjects:
LEADER 00604cam a2200181 7i4500
001 0000029127
005 20131022090000.0
020 0 0 |a 9781439867136  
090 0 0 |a B 658.406   |b PLE 
100 1 0 |a Plenert  
245 1 0 |a Driving strategy to execution using lean six sigma :   |b a framework for creating high performance organizations. 
260 0 0 |a Boca Raton:   |b CRC Press,   |c 2012. 
300 # # |a 225 p. 
440 0 0 |a Series on resource management 
650 0 0 |a Organizational change  
650 0 0 |a Six sigma (Quality control standard)  
700 1 0 |a Cluley,   |h Tom  
999 |a B000033131  |b Book  |c Book  |e Business Information Centre